Seguridad de los sistemas informáticos y de comunicación (Registro nro. 13910)

Detalles MARC
000 -Cabecera
Campo de control de longitud fija 00810nam a22002897a 4500
005 - Fecha y hora de la última transacción
Campo de control 20260209191426.0
008 - Elementos de longitud fija--Información general
Campo de control de longitud fija 260209b2023 |||||||| |||| 00| 0 spa d
020 ## - International Standard Book Number
Número Internacional Estándar del Libro (ISBN) 9788419444912
041 ## - Idioma
Código de idioma Español
082 ## - Clasificación Decimal Dewey
Número de clasificación 005.8 H565s
100 ## - Entrada principal--Autor personal
Nombre personal Herrero Pérez, Luis
245 ## - Título propiamente dicho
Título Seguridad de los sistemas informáticos y de comunicación
260 ## - Pie de imprenta
Lugar de publicación, distribución, etc. España
260 ## - Pie de imprenta
Nombre del editor, distribuidor, etc. Ra-ma
260 ## - Pie de imprenta
Fecha de publicación, distribución, etc. 2023
300 ## - Descripción física
Extensión 294 páginas
490 ## - Serie
Título de la Serie Tecnologías de la Información
490 ## - Serie
Título de la Serie Big Data
650 ## - Materia general
Temática (materia general) SEGURIDAD DE LOS DATOS
650 ## - Materia general
Temática (materia general) SISTEMAS INFORMÁTICOS
650 ## - Materia general
Temática (materia general) SEGURIDAD DE REDES DE COMUNICACIÓN
650 ## - Materia general
Temática (materia general) TECNOLOGÍAS DE PROTECCIÓN
650 ## - Materia general
Temática (materia general) AMENAZAS INFORMÁTICAS
650 ## - Materia general
Temática (materia general) POLÍTICAS DE SEGURIDAD
650 ## - Materia general
Temática (materia general) FASE DE ENUMERACIÓN
942 ## - Punto de acceso adicional KOHA
Fuente del sistema de clasificación o colocación Dewey Decimal Classification
Tipo de ítem KOHA Libro
Existencias
Signatura completa Código de barras Programa Académico Tipo de ítem
005.8 H565s 26161   Libro
005.8 H565s 26160   Libro